Länder nach ersten 2 Anfangsbuchstaben in 180 Sekunden - Statistiken

Allgemein
  • Dieses Quiz wurde 909 mal gespielt
    903 seit der letzten Aktualisierung
  • Das Durchschnittsergebnis liegt bei 159 aus 196
Antworten auf der Karte
Die Antworten werden auf der Karte rot bzw. grün angezeigt, abhängig davon wie oft sie richtig erraten wurden.
 
Antwortstatistiken
Land % Korrekt
Demokratische Republik Kongo
99%
Vereinigte Arabische Emirate
98%
Chile
97%
China
97%
Deutschland
97%
Mexiko
97%
Kambodscha
96%
Kamerun
96%
Kanada
96%
Kap Verde
96%
Kasachstan
96%
Katar
96%
Nordkorea
96%
Nordmazedonien
96%
Norwegen
96%
Polen
96%
Portugal
96%
Ruanda
96%
Rumänien
96%
Russland
96%
Brasilien
95%
Brunei
95%
Madagaskar
95%
Frankreich
95%
Malawi
95%
Malaysia
95%
Malediven
95%
Mali
95%
Malta
95%
Marokko
95%
Marshallinseln
95%
Mauretanien
95%
Mauritius
95%
Schweden
95%
Schweiz
95%
Venezuela
95%
Vereinigte Staaten
95%
Belarus
94%
Belgien
94%
Belize
94%
Benin
94%
Spanien
94%
Südafrika
94%
Sudan
94%
Südkorea
94%
Südsudan
94%
Surinam
94%
Argentinien
93%
Armenien
93%
Irak
93%
Iran
93%
Irland
93%
Nicaragua
93%
Niederlande
93%
Niger
93%
Nigeria
93%
Albanien
92%
Algerien
92%
Bolivien
92%
Bosnien und Herzegowina
92%
Botswana
92%
Dänemark
92%
Fidschi
92%
Finnland
92%
Libanon
92%
Liberia
92%
Libyen
92%
Liechtenstein
92%
Litauen
92%
Indien
91%
Indonesien
91%
Moldau
91%
Monaco
91%
Mongolei
91%
Montenegro
91%
Mosambik
91%
Pakistan
91%
Palau
91%
Panama
91%
Papua-Neuguinea
91%
Paraguay
91%
Australien
90%
Island
90%
Israel
90%
Republik Kongo
90%
Tunesien
90%
Türkei
90%
Turkmenistan
90%
Tuvalu
90%
Italien
89%
Jamaika
89%
Japan
89%
Kolumbien
89%
Komoren
89%
Kosovo
89%
Saint Kitts und Nevis
89%
Saint Lucia
89%
Saint Vincent und die Grenadinen
89%
Salomonen
89%
Sambia
89%
Samoa
89%
San Marino
89%
São Tomé und Príncipe
89%
Saudi-Arabien
89%
Ägypten
88%
Grenada
88%
Griechenland
88%
Grossbritannien
88%
Tschad
86%
Tschechien
86%
Ukraine
86%
Nepal
84%
Neuseeland
84%
Peru
83%
Lettland
82%
Lesotho
82%
Bahamas
80%
Bahrain
80%
Bangladesch
80%
Barbados
80%
Estland
80%
Eswatini
80%
Usbekistan
80%
Bulgarien
79%
Burkina Faso
79%
Burundi
79%
Österreich
79%
Osttimor
79%
Senegal
79%
Serbien
79%
Seychellen
79%
Andorra
78%
Angola
78%
Antigua und Barbuda
78%
Guatemala
75%
Guinea
75%
Guinea-Bissau
75%
Guyana
75%
Jemen
75%
Oman
75%
Somalia
74%
Ungarn
74%
Kuba
73%
Kuwait
73%
Tadschikistan
73%
Taiwan
73%
Tansania
73%
Namibia
71%
Nauru
71%
Uruguay
71%
Elfenbeinküste
70%
El Salvador
70%
Laos
70%
Slowakei
69%
Slowenien
69%
Thailand
69%
Afghanistan
68%
Ecuador
68%
Kroatien
68%
Vietnam
67%
Äthiopien
66%
Kirgisistan
64%
Kiribati
64%
Kenia
63%
Togo
63%
Tonga
63%
Dominica
62%
Dominikanische Republik
62%
Syrien
62%
Philippinen
61%
Myanmar
60%
Sierra Leone
60%
Simbabwe
60%
Singapur
60%
Aserbaidschan
58%
Georgien
58%
Eritrea
58%
Ghana
58%
Haiti
58%
Costa Rica
57%
Jordanien
56%
Honduras
55%
Sri Lanka
55%
Gabun
53%
Gambia
53%
Zentralafrikanische Republik
52%
Bhutan
49%
Mikronesien
47%
Vanuatu
47%
Vatikanstadt
47%
Uganda
46%
Zypern
43%
Dschibuti
40%
Äquatorialguinea
39%
Luxemburg
39%
Trinidad und Tobago
26%
Keine übereinstimmenden Quizze gefunden
Verteilung der Resultate
Anzahl Personen mit jedem Resultat
Perzentil nach korrekt beantworteten Fragen
Ihre Resultats-Entwicklung
Sie haben dieses Quiz seit der letzten Aktualisierung nicht gespielt